| 000 | 00546nam a2200205Ia 4500 | ||
|---|---|---|---|
| 003 | OSt | ||
| 005 | 20230328143355.0 | ||
| 008 | 210423s2009 xx 000 0 und d | ||
| 020 | _a978184892550 | ||
| 040 | _cAL | ||
| 041 | _aeng | ||
| 082 |
_a574.802851 _223 _bLEAA |
||
| 100 |
_aLEACH (Andrew R);GILLET (Valerie J). _978984 |
||
| 245 | _aIntroduction to chemoinformatics. | ||
| 260 |
_aNew Delhi _bSpringer Pvt Ltd _c2009 |
||
| 300 |
_axv,255 _bPB |
||
| 365 |
_b545 _cINR |
||
| 906 | _achemoinformatics. ; Introduction | ||
| 942 |
_2ddc _cBK |
||
| 999 |
_c154336 _d154336 |
||